000 00358nam a2200133 i 4500
001 bg
245 0 _aBeton Kalender 1981 :
_bTaschenbuch für Beton und Stahlbetonbau und die verwandten Fäscher. Tl.1.
260 _aBerlin,
_c1981.
040 _cBPK
041 _apol
080 _a666.97:691.32
942 _cKS
008 s pl f |000 0 pol
999 _c21052
_d21052
856 _uhttp://koha.tu.koszalin.pl/cgi-bin/koha/opac-detail.pl?biblionumber=21052
_yKatalog online BPK